000 00435cam a22001337a 4500
008 180718b2001 xxu||||| |||| 00| 0 eng d
082 _aAPPPA 2000-01 MIT/21
100 _aMitra, D.M.
245 _aStudy of dowry deaths among Hindus of Madhya Pradesh
_cby D.M. Mitra
260 _aNew Delhi
_bIndian Institute of Public Administration
_c2001
300 _a83p.
650 _aDowry - India - Madhya Pradesh
650 _aDowry (Hindu law)
999 _c490933
_d490933